00765cam a22002413a 450000100060000000300060000600500170001200800410002904000150007004200070008505000070009210000300009924500980012926000290022750600300025651600200028665300490030665300200035565300390037570000380041483000290045285600420048123487PGUSA20140828083512.0071115s2007||||xxu|||||s|||||000 1 eng d aPGUSAbeng adc 4aPS1 aKing, Charles,d1844-193310aTonio, Son of the Sierras :bA Story of the Apache Warh[electronic resource] /cCharles King bProject Gutenberg,c2007 aPublic domain in the USA. aElectronic text aApache Indians -- Wars, 1872-1873 -- Fiction aWestern stories aSoldiers -- West (U.S.) -- Fiction1 aPost, Charles Johnson,d1873-1956 0aProject Gutenbergv2348740uhttp://www.gutenberg.org/ebooks/23487